"Étranges interdictions" dans les pays - Statistiques

Statistiques générales
  • Ce quiz a été pris 72 fois
  • Le résultat moyen est 4 sur 20
Statistiques - réponses
Les interdictions Pays % Correct
Chewing-gum Singapour
70%
Bonbons Oeufs - Kinder's Surprises importation Etats-Unis
42%
Blue Jeans Corée du Nord
38%
Réincarnation sans permission pour les moines bouddhistes Chine
37%
Embrasser en public / PDA, boeuf Inde
30%
Obésité (principalement chez les travailleurs de l'entreprise) Japon
28%
Excès de ketchup, mayo et vinaigrette (dans les écoles) France
23%
Coupes de cheveux occidentales Iran
18%
Masturbation Indonésie / Arabie Saoudite
17%
Trotteurs Canada
13%
Talons hauts (sur site historique) Grèce
12%
Voyage dans le temps Chine
10%
Lingerie en dentelle Biélorussie / Kazakhstan / Russie
8%
La Saint Valentin Indonésie / Pakistan / Arabie Saoudite
8%
Voitures noires Turkménistan
7%
Vêtements jaunes Malaisie
5%
Partage des memes Australie
3%
Scrabble Roumanie
2%
Le jogging Burundi
0%
Opéra, ballet et synchronisation labiale Turkménistan
0%
Aucun quiz correspondant
Distribution des résultats
% des personnes avec chaque résultat
Percentile par nombre de réponses
Votre historique - résultats
Vous n’avez pas pris ce quiz